Normal view
MARC view
- MS-ELECT-2016 MSTHESIS ABSTRACT. A
Entry Topical Term
001 - CONTROL NUMBER
- control field: 69741
003 - CONTROL NUMBER IDENTIFIER
- control field: NUST
005 - DATE AND TIME OF LATEST TRANSACTION
- control field: 20210628204301.0
008 - FIXED-LENGTH DATA ELEMENTS
- fixed length control field: 210628|| aca||aabn | a|a d
040 ## - CATALOGING SOURCE
- Original cataloging agency: NUST
- Transcribing agency: NUST
150 ## - HEADING--TOPICAL TERM
- Topical term or geographic name entry element: MS-ELECT-2016 MSTHESIS ABSTRACT. A
670 ## - SOURCE DATA FOUND
- Source citation: Work cat.: (NUST): Hafiza Misbah Younis 69740, TH-SOF-1616-Modified Split Ring Resonator with Enhanced Permittivity Sensitivity, 2019
